[Event "Chigorin Memorial 25th"]
[Site "St Petersburg"]
[Date "2017.10.29"]
[Round "9"]
[White "Artamonov, Valery"]
[Black "Litvinov, Maxim"]
[Result "1-0"]
[WhiteElo "2273"]
[BlackElo "2373"]
[PlyCount "111"]
[EventDate "2017.10.21"]
[EventType "swiss"]
[EventRounds "9"]
[EventCountry "RUS"]
[SourceTitle "CBM 181 Extra"]
[Source "ChessBase"]
[SourceDate "2017.12.12"]
[SourceVersion "1"]
[SourceVersionDate "2017.12.12"]
[SourceQuality "1"]

1. c4 e5 2. Nc3 Nf6 3. g3 Nc6 4. Bg2 Bc5 5. e3 0-0 6. Nge2 a6 7. 0-0 d6 8. a3 Ba7 9. b4 Ne7 10. d4 c6 11. Bb2 Be6 12. Qd3 Qc7 13. Rac1 Rad8 14. e4 Qb8 15. d5 Bd7 16. h3 b5 17. dxc6 Bxc6 18. Nd5 Nfxd5 19. cxd5 Bd7 20. Kh2 Rc8 21. f4 f6 22. Bf3 Qb6 23. Bg4 Bxg4 24. hxg4 Qe3 25. Rf3 Qxd3 26. Rxd3 Rxc1 27. Bxc1 Rc8 28. Rc3 Rxc3 29. Nxc3 Nc8 30. Kg2 Nb6 31. Be3 Na4 32. Bxa7 Nxc3 33. Kf3 Nb1 34. Bb8 Nxa3 35. Bxd6 Nc4 36. Bc5 Kf7 37. g5 Nd2+ 38. Ke3 Nf1+ 39. Kf2 Nd2 40. Ke3 Nf1+ 41. Kd3 Nxg3 42. fxe5 fxe5 43. Bd6 Nh1 44. Ke3 Ng3 45. Bxe5 Nh5 46. Kf3 Ke7 47. Kg4 g6 48. Bd4 Kd6 49. Bc3 Kc7 50. Bh8 Kd6 51. Kf3 Ke7 52. e5 Kd7 53. Bf6 Kc7 54. e6 Kd6 55. Bd4 Ke7 56. Be5 1-0

[Event "Chigorin Memorial 25th"]
[Site "St Petersburg"]
[Date "2017.10.25"]
[Round "5"]
[White "Artamonov, Valery"]
[Black "Palchun, Grigory"]
[Result "0-1"]
[WhiteElo "2273"]
[BlackElo "2441"]
[PlyCount "94"]
[EventDate "2017.10.21"]
[EventType "swiss"]
[EventRounds "9"]
[EventCountry "RUS"]
[SourceTitle "CBM 181 Extra"]
[Source "ChessBase"]
[SourceDate "2017.12.12"]
[SourceVersion "1"]
[SourceVersionDate "2017.12.12"]
[SourceQuality "1"]

1. Nf3 Nf6 2. c4 e6 3. g3 b6 4. Bg2 Bb7 5. 0-0 Be7 6. d3 d5 7. b3 0-0 8. Bb2 c5 9. e3 Nc6 10. Qe2 Qc7 11. Nbd2 Rad8 12. a3 e5 13. cxd5 Nxd5 14. Nc4 Bf6 15. Rac1 Qe7 16. Rfd1 Bc8 17. Ba1 Nc7 18. Nfd2 Qe6 19. Bxc6 Qxc6 20. Nxe5 Bxe5 21. Bxe5 Ne6 22. e4 Qb5 23. Rc3 f6 24. Bf4 Nd4 25. Qf1 Bh3 26. Qe1 Bg4 27. Kf1 Bxd1 28. Qxd1 Qa5 29. Nb1 Rd7 30. Bd2 Qa6 31. a4 Nc6 32. Qg4 Ne5 33. Qe6+ Kh8 34. Kg2 Rxd3 35. Rxc5 Rdd8 36. Rb5 Rfe8 37. Rd5 Qe2 38. Nc3 Qf3+ 39. Kg1 Rc8 40. Qd6 Rxc3 41. Bxc3 Qxc3 42. f4 Qe1+ 43. Kg2 Qxe4+ 44. Kh3 Nf3 45. Qd7 Ng1+ 46. Kh4 g5+ 47. Kg4 Qg6 0-1

[Event "Chigorin Memorial 25th"]
[Site "St Petersburg"]
[Date "2017.10.22"]
[Round "2"]
[White "Paravyan, David"]
[Black "Artamonov, Valery"]
[Result "1-0"]
[WhiteElo "2548"]
[BlackElo "2273"]
[PlyCount "89"]
[EventDate "2017.10.21"]
[EventType "swiss"]
[EventRounds "9"]
[EventCountry "RUS"]
[SourceTitle "CBM 181 Extra"]
[Source "ChessBase"]
[SourceDate "2017.12.12"]
[SourceVersion "1"]
[SourceVersionDate "2017.12.12"]
[SourceQuality "1"]

1. d4 Nf6 2. c4 e5 3. dxe5 Ng4 4. e3 Nxe5 5. Nc3 d6 6. b3 Be7 7. Bb2 0-0 8. Nge2 Bg4 9. h3 Bh5 10. Qd2 Nbd7 11. Nf4 Bf3 12. Qc2 Bc6 13. Be2 Re8 14. 0-0 Nf6 15. Rac1 Bf8 16. Rfd1 b6 17. Nfd5 Rc8 18. b4 Bb7 19. a3 a6 20. Qb3 Nxd5 21. Nxd5 c6 22. Nc3 b5 23. c5 d5 24. e4 Nc4 25. exd5 cxd5 26. Bf3 Re5 27. Nxb5 axb5 28. Bxe5 Nxe5 29. Bxd5 Bxd5 30. Rxd5 Qc7 31. a4 Ng6 32. axb5 Nf4 33. Rd2 Re8 34. Qf3 Qe5 35. b6 g5 36. g3 Nxh3+ 37. Kg2 Qe6 38. Re2 g4 39. Rxe6 gxf3+ 40. Kxh3 Rxe6 41. b7 f5 42. Kh2 Re8 43. c6 f4 44. c7 fxg3+ 45. Kh3 1-0

[Event "St Petersburg Summer op"]
[Site "St Petersburg"]
[Date "2017.08.22"]
[Round "7"]
[White "Bodnaruk, Anastasia"]
[Black "Artamonov, Valery"]
[Result "1/2-1/2"]
[WhiteElo "2440"]
[BlackElo "2242"]
[PlyCount "118"]
[EventDate "2017.08.16"]
[EventType "swiss"]
[EventRounds "9"]
[EventCountry "RUS"]
[SourceTitle "CBM 180 Extra"]
[Source "ChessBase"]
[SourceDate "2017.10.06"]
[SourceVersion "1"]
[SourceVersionDate "2017.10.06"]
[SourceQuality "1"]

1. e4 c5 2. Nc3 a6 3. Nge2 b5 4. d4 e6 5. d5 b4 6. Na4 Nf6 7. Ng3 d6 8. c4 Be7 9. Be2 exd5 10. cxd5 0-0 11. 0-0 Re8 12. f4 Bf8 13. Bf3 Nbd7 14. b3 Nb6 15. Nxb6 Qxb6 16. Bb2 Nd7 17. Nf5 a5 18. Ne3 Ba6 19. Nc4 Bxc4 20. bxc4 a4 21. Rc1 g6 22. Bg4 Qd8 23. Qd3 Nf6 24. Bf3 Bg7 25. Rce1 Nd7 26. Bxg7 Kxg7 27. Bg4 Ra7 28. Re2 Nf6 29. Bh3 Rae7 30. Rfe1 Nh5 31. Qd2 f5 32. e5 Kf8 33. g4 Ng7 34. gxf5 gxf5 35. Qd3 Rb7 36. Bxf5 Rf7 37. Bxh7 Rxf4 38. Qg3 Qh4 39. exd6 Rg4 40. Rf1+ Nf5 41. Rxf5+ Kg7 42. Rxe8 Rxg3+ 43. hxg3 Qxg3+ 44. Kf1 Qh3+ 45. Ke2 Qh2+ 46. Kf3 Qh1+ 47. Kf2 Qh2+ 48. Ke3 Qxd6 49. Bg8 Qg3+ 50. Ke2 Qg4+ 51. Rf3 b3 52. axb3 axb3 53. Be6 Qxc4+ 54. Kf2 Qc2+ 55. Ke3 Qc3+ 56. Ke2 Qc2+ 57. Ke3 Qc3+ 58. Ke2 Qc2+ 59. Ke3 Qc3+ 1/2-1/2

[Event "St Petersburg Summer op"]
[Site "St Petersburg"]
[Date "2017.08.21"]
[Round "6"]
[White "Artamonov, Valery"]
[Black "Schekachikhin, Maksim"]
[Result "1-0"]
[WhiteElo "2242"]
[BlackElo "2355"]
[PlyCount "87"]
[EventDate "2017.08.16"]
[EventType "swiss"]
[EventRounds "9"]
[EventCountry "RUS"]
[SourceTitle "CBM 180 Extra"]
[Source "ChessBase"]
[SourceDate "2017.10.06"]
[SourceVersion "1"]
[SourceVersionDate "2017.10.06"]
[SourceQuality "1"]

1. Nf3 Nf6 2. b3 d5 3. Bb2 e6 4. e3 Be7 5. g4 h6 6. h3 c5 7. Nc3 Nc6 8. Bb5 Bd7 9. Bxc6 Bxc6 10. Ne5 Qc7 11. Nxc6 Qxc6 12. Qf3 b5 13. d3 c4 14. dxc4 bxc4 15. 0-0 0-0 16. Rad1 Rac8 17. Qg2 Rfe8 18. h4 cxb3 19. g5 hxg5 20. hxg5 Nh7 21. g6 fxg6 22. cxb3 Bf6 23. Rc1 Qd7 24. Qxg6 Rc6 25. Na4 Bxb2 26. Nxb2 Rec8 27. Rxc6 Rxc6 28. Nd3 e5 29. Qg3 Qf5 30. Nxe5 Rh6 31. Rc1 Ng5 32. f4 Ne4 33. Qg2 Rh3 34. Ng6 Kh7 35. Nf8+ Kg8 36. Ng6 Kh7 37. Nf8+ Kh6 38. Rc6+ Nf6 39. e4 dxe4 40. Ne6 g6 41. Qg5+ Qxg5+ 42. fxg5+ Kh7 43. gxf6 Rg3+ 44. Kh2 1-0